000 00701nam a2200241Ia 4500
003 OSt
005 20220930201513.0
006 a|||||r|||| 00| 0
007 ta
008 220926b |||||||| |||| 00| 0 hin d
024 _a74594
037 _cDissertations
040 _aCRL
_cCRL
_bhin
041 _2hin
_ahin
100 _aKhanna Prem
_9565927
110 _aUniversity of Delhi. Faculty of Arts. Department of Hindi
245 0 _aSamsamayik hindi natak mein madhya varg ki samasyayain
260 _c1970
650 _aHINDI LITERATURE
_923866
700 _aUniversity of Delhi. Faculty of Arts. Department of Hindi
942 _cDIS
_2CC
999 _c902013
_d902013